000 00626nam a2200241Ia 4500
003 OSt
005 20220924124022.0
006 a|||||r|||| 00| 0
007 ta
008 220923b |||||||| |||| 00| 0 urd d
020 _c300.00
024 _a315218
037 _cTextual
040 _aARTS
_cARTS
_burd
041 _2urd
_aurd
082 _aO168,1NANx, P6
100 _aShaikh Anwar
_9194548
245 0 _aAda-e-dil
_b Naghmana
260 _aNew Delhi
_b Modern India
_c2006
650 _aURDU POETRY
942 _hO168,1NANx, P6
_cTEXL
_2CC
999 _c418056
_d418056